Представление документа в формате MARC21

ПолеНазваниеЗначение
  Тип записи a
  Библиографический уровень m
001 Контрольный номер BIBLIOCLUB\0000707945
005 Дата корректировки 20240827131601.5
006 m o d
007 Элементы данных для физической характеристики c|||||||||||||
008 Кодируемые данные s2023 rus o rus d
041 Код языка издания 0_
a Код языка текста rus
084 Индекс другой классификации/Индекс ББК __
a Индекс другой классификации/Индекс ББК 40.722
b Номер единицы LBC/PL
2 Источник индекса rubbk
100 Автор 1_
a Автор Раззамазов Н. И.
245 Заглавие 10
a Заглавие Разработка однорядной машины с автоматизированной системой управления рабочими органами для приствольной обработки почвы в плодопитомниках
b Продолж. заглавия студенческая научная работа
c Ответственность Н. И. Раззамазов
260 Выходные данные __
a Место издания Барнаул
b Издательство б.и.
c Дата издания 2023
300 Физическое описание __
a Объем 181 с.
b Иллюстрации/ тип воспроизводства ил., табл., схем., граф.
504 Библиография __
a Библиография Библиогр.: с. 101-106.
856 Электронный адрес документа 40
3 Область применения данных поля Университетская библиотека ONLINE
u URL https://biblioclub.ru/index.php?page=book&id=707945
900 Электронные ресурсы __
a Имя электронного ресурса https://img.biblioclub.ru/sm_cover/3674eb2df262482ce9bc8409af2dc9eexwtigvtj6b/cover.jpg